Top 50 Hip-Hop Albums - Statistics

General Stats
  • This quiz has been taken 169 times
  • The average score is 24 of 50
Answer Stats
Artist Album % Correct
#4: Kendrick Lamar good kid, m.A.A.d city
91%
#10: Kanye West The College Dropout
89%
#1: Kendrick Lamar To Pimp a Butterfly
89%
#2: Kanye West My Beautiful Dark Twisted Fantasy
87%
#3: Nas Illmatic
86%
#16: Kanye West Late Registration
83%
#6: Madvillain Madvillainy
78%
#38: Dr. Dre The Chronic
74%
#39: Kanye West Yeezus
74%
#34: Snoop Dogg Doggystyle
71%
#22: Tyler, the Creator Flower Boy
71%
#17: The Notorious B.I.G. Ready to Die
71%
#47: Jay-Z The Blueprint
67%
#46: OutKast Stankonia
66%
#11: OutKast Aquemini
64%
#24: MF DOOM Mm.. Food
63%
#8: A Tribe Called Quest The Low End Theory
62%
#19: OutKast ATLiens
58%
#15: Death Grips The Money Store
55%
#5: Wu-Tang Clan Enter the Wu-Tang (36 Chambers)
51%
#41: Freddie Gibbs & Madlib Pinata
51%
#30: Run the Jewels Run the Jewels 2
51%
#18: Mobb Deep The Infamous
51%
#36: Jay-Z Reasonable Doubt
50%
#14: J Dilla Donuts
49%
#9: Genius/GZA Liquid Swords
49%
#23: Mos Def Black on Both Sides
48%
#13: Danny Brown Atrocity Exhibition
47%
#12: A Tribe Called Quest Midnight Marauders
42%
#21: Public Enemy It Takes a Nation of Millions to Hold Us Back
38%
#42: Danny Brown XXX
38%
#25: Chef Raekwon Only Built 4 Cuban Linx...
33%
#7: DJ Shadow Endtroducing.....
31%
#20: Beastie Boys Paul's Boutique
30%
#27: A Tribe Called Quest We Got It from Here... Thank You 4 Your Service
30%
#29: Deltron 3030 Deltron 3030
27%
#37: Public Enemy Fear of a Black Planet
27%
#49: Ghostface Killah Supreme Clientele
27%
#32: The Roots Things Fall Apart
27%
#44: Viktor Vaughn Vaudeville Villain
27%
#40: Death Grips The Powers That B
26%
#28: Gang Starr Moment of Truth
23%
#35: Black Star Mos Def & Talib Kweli Are Black Star
23%
#31: Big L Lifestylez ov da Poor & Dangerous
22%
#33: The Pharcyde Bizarre Ride II the Pharcyde
19%
#50: A Tribe Called Quest People's Instinctive Travels and the Paths of Rhythm
19%
#43: Cannibal Ox The Cold Vein
18%
#45: UGK Ridin' Dirty
17%
#48: Pete Rock & C.L. Smooth Mecca and the Soul Brother
14%
#26: Organized Konfusion Stress: The Extinction Agenda
14%
No matching quizzes found
Score Distribution
Percent of People with Each Score
Percentile by Number Answered
Your Score History
You have not taken this quiz